000 00941nam a2200289 i 4500
001 000012337
003 DO-SdBNP
005 20240614102321.0
007 ta
008 091111s1979 dr a 000 f spa d
040 _aDO-SdBNP
_bspa
_cBNPHU
_erda
049 _aBNPD
082 4 _aRD863.44
_bG216d
_222
100 1 _aGarcía-Godoy, Federico,
_d1920-
_937239
_eautor
245 1 0 _aDos balandras y un mismo mar /
_cFerderico García Godoy.
264 _aSanto Domingo :
_bAlfa y Omega,
_c1979.
300 _a162 páginas ;
_c21 cm.
336 _2rdacontent
_atexto
_btxt
337 _2rdamedia
_asin mediación
_bn
338 _2rdacarrier
_avolumen
_bnc
500 _aincluye datos biográficos del autor en la contracubierta
590 _aLa biblioteca posee un ejemplar autografíado por el autor.
590 _aInventariado, 2024/BT
650 4 _aNovela dominicana
_9223
650 4 _aLiteratura dominicana.
_967
942 _2ddc
_cLBS1
999 _c11994
_d11994